Регионална библиотека "Любен Каравелов" - Русе

Йога (Запис номер 93631)

MARC детайли
000 -Лидер
Контролно поле с фиксирана дължина 02080nam a2200433 c 4500
003 - Код на организацията, давaща контролен номер
Контролно поле BLK
005 - Дата и час на последна редакция
Контролно поле 20250201105502.0
008 - Елементи от данни с фиксирана дължина
fixed length control field 180408b bul|||||r ||||||| ||bul||
010 ## - Наследен системен номер
LC control number KNG00098431000
020 ## - Международен стандартен номер на книга ISBN
Международен стандартен номер на книга ISBN 978-954-26-0814-1
-- издат.: Хермес
040 ## - Източник на каталожния запис
Идентификатор на билиотеката - собственик на записа BLK
041 ## - Код за език
Код за езика на текст/звукозапис или на отделно заглавие Български
Код за езика КДБФ Български
072 #7 - Код за тематичната категория
Код организация bullib
Код за тематична категория Н61
Текст Медицина Н
072 #7 - Код за тематичната категория
Код организация bullib
Код за тематична категория Л09
Текст Лечебна гимнастика, йога, цигун, мудри, каланетика и др.
080 ## - УДК
Текстов определител УДК Лечебна физкултура. Гимнастика на йогите. Даоистки техники за самолечение
УДК код - определител по УДК 615.825.1
УДК определител (035)
УДК - код + определител 615.825.1(035)
080 ## - УДК
Текстов определител УДК Йога
УДК код - определител по УДК 294.527
УДК определител (035)
УДК - код + определител 294.527(035)
100 1# - Редна дума - Автор
Автор Уелър, Стела
Авторска отговорност първи автор
R(LIN) 305538
139 ## - Редно поле
Редна дума Уелър, Стела
Авторски знак Уел - У 29
245 10 - Сведения за заглавието
Заглавие Йога
Подзаглавни данни Техники за постигане на вътрешна хармония и спокойствие
Редно поле (дума) Стела Уелър; прев. от англ. Валентина Борисова Рашева-Джейвънс.
257 ## - Страна на издаване
Страна на създаване/издаване България
260 ## - Област на издателските данни
-- Пловдив
Име на издателя, разпространителя и проч. Хермес
Година на издаване 2009
Печатница Костинброд : Мултипринт
300 ## - Физическа характеристика
Страници 128 с.
Илюстрации и др. с цв. ил.
Размери/Мащаб 20 см
380 ## - Жанр
Жанр 793/799 Спорт
500 ## - Общи забележки
Забележка Ориг. загл. Yoga / Stella Weller. - Офс. изд. - Съдържа и Допълнителна литература. - Азб. показалец.
650 #4 - Допълнително описание по предмет – тема
Основно описание – тема или топоним Йога - наръчници и ръководства
9 (RLIN) 250531
650 #4 - Допълнително описание по предмет – тема
Основно описание – тема или топоним Йога - гимнастика - наръчници и ръководства
9 (RLIN) 252270
653 ## - Ключова дума – ненормативна
Ключова дума йога
653 ## - Ключова дума – ненормативна
Ключова дума наръчници
653 ## - Ключова дума – ненормативна
Ключова дума ръководства
659 ## - Тематичен бюлетин
Тематичен бюлетин Л
659 ## - Тематичен бюлетин
Тематичен бюлетин Н
700 1# - Други автори (авторска отговорност)
Лично име Рашева-Джейвънс, Валентина Борисова
Автороска отговорност (Описва отношението между автора и произведението) прев. от англ.
9 (RLIN) 292305
852 ## - Местоположение
Форматна сигнатура Цб 250125
856 4# - Електронен адрес и достъп
Електронен формат pdf - файл
Път до файла /url/
856 4# - Електронен адрес и достъп
Електронен формат pdf - файл
Път до файла /url/
942 ## - АРТИКУЛИ
Вид на библиотечния материал Книги
Скрит в OPAC Не
Koha issues (borrowed), all copies 23
944 ## - СЪЗДАВАНЕ И РЕДАКЦИЯ на ЗАПИСА
Създаване/Редакция Създаване
Дата на регистрацията/редакция 25.11.2010
Статус, дата на статуса Мартин Енчев
Служител, извършил регистрацията/редакцията 30575
944 ## - СЪЗДАВАНЕ И РЕДАКЦИЯ на ЗАПИСА
Създаване/Редакция Редакция
Дата на регистрацията/редакция 21.01.2013
Статус, дата на статуса ф /
Служител, извършил регистрацията/редакцията
999 ## - СИСТЕМНИ КОНТРОЛНИ НОМЕРА
Koha biblionumber 93631
Koha biblioitemnumber 93631
Наличности
Код за отписване Код за изгубен артикул Код за повреда Коз за рестрикции Код за отдаване Артикулен № Име на библиотеката - собственик Име на библиотеката, в която се намира в момента Статус (Текущо местоположение) Дата на вписване в системата Местоположение - отдел Цена в лева Инвентарен номер Систематично азбучна сигнатура Баркод Номер на екземпляра Цена в евро Служебна бележка Служебен тип на артикула
  Не е изгубен Не е повреден без рестрикции ползва се в читалня 150355 Регионална библиотека "Любен Каравелов" Русе Регионална библиотека "Любен Каравелов" Русе Хранилище 2010-11-23 Хранилище 14.99 120000747749 Цб 250125 120000747749 1 7.66 Дост: Dp Вид: Д N: 14 Дата: 24.03.2010 Книги
  Не е изгубен Не е повреден без рестрикции заемане за дома 150356 Регионална библиотека "Любен Каравелов" Русе Регионална библиотека "Любен Каравелов" Русе Заемна - подръчен фонд 2011-06-29 Заемна - подръчен фонд 14.99 120000751565 П 615.82/У 29 120000751565 2 7.66 Дост: DA Вид: А N: 10 Дата: 29.06.2011 Дата инв: 02.02.2018 Бележки инв: П2018 Книги
  Не е изгубен Не е повреден без рестрикции заемане за дома 150357 Регионална библиотека "Любен Каравелов" Русе Регионална библиотека "Любен Каравелов" Русе Заемна - подръчен фонд 2012-11-24 Заемна - подръчен фонд 8.99 120000761266 П 615.82/У 29 120000761266 3 4.60 Дост: Pk Вид: Ф N: 0012000308 Дата: 23.11.2012 Дата инв: 05.02.2018 Бележки инв: П2018 Книги
Vip Innovations Ltd, Rousse, Bulgaria 2025